LEADER 01095nam a2200265 4500 001 000000357638 003 CaOOAMICUS 005 20240508165822.0 008 240318s2000 it a 000 u ita r 020 $a88-85153-10-X* 040 $aSeMil$bita 100 1 $aSpiriti, Andrea,$d<1965- >.$0(OLS)http://semarc/name/43823 245 10$aPalazzo Arese Borromeo a Cesano Maderno / $cAndrea Spiriti. 264 1$a[Milano] :$bISAL,$c2000. 300 $a119 p. :$bill. ;$c20 cm 490 1 $aArte in Lombardia ;$v2 650 4$aCesano Maderno - Palazzo Arese Borromeo.$0(OLS)http://semarc/subject/55145 830 0$aArte in Lombardia ;$v2.$0(OLS)http://semarc/title/45387 850 $aSeMil 852 $aSeMil$W1$xVenegono$y1$m3P I 331$j249972$B248815$CSeMilBibl$Z2$F248815 $81 961 $aPagani don Isacco - Omaggio 996 $6020$a88-85153-10-X*$9(OLS)http://semarc/number/300004 996 $6245$aPalazzo Arese Borromeo a Cesano Maderno / $9(OLS)http://semarc/title/447898 996 $6264$a[Milano] :$bISAL$9(OLS)http://semarc/publisher/44674 LEADER 01179nam a2200229 4500 001 000000335932 003 CaOOAMICUS 005 20190812103557.0 008 190812s1787 it 000 u ita r 040 $aSeMil$bita 100 01$aBolgeni, Giovanni Vincenzo,$d<1733-1811>.$0(OLS)http://semarc/name/23348 245 00$aContinuazione della risposta all'appellante. 264 1$aMacerata :$bPresso Antonio Cortesi, e Bartolommeo Capitani,$c1787. 300 $aP. 387-566 ;$c8° 500 $aFa parte del volume: Risposta al quesito cosa è un appellante? Ossia osservazioni teologico-critiche di Gianvincenzo Bolgeni sopra due libri stampati in Piacenza 1784. E intitolati Cosa è un appellante? E Continuazione dell'appellante (non posseduto) 500 $aPer i dati catalografici, cfr. SBN 752 $aIT$dMacerata 850 $aSeMil 852 $aSeMil$W1$xVenegono$y1$m3X III 28 FA$j215246$B227774$CSeMilBibl$Z2$F227774 $8I 996 $6245$aContinuazione della risposta all'appellante$9(OLS)http://semarc/title/425250 996 $6264$aMacerata :$bPresso Antonio Cortesi, e Bartolommeo Capitani$9(OLS)http://semarc/publisher/58135